|
|
|
|
| LEADER |
00000nab a2200000ua 4500 |
| 001 |
vtls010748831 |
| 003 |
SK-MaSNL |
| 005 |
20260304202315.0 |
| 008 |
250718s1974 xo |||||||||||||||||slo| |
| 035 |
|
|
|a (urnnbn)urn:nbn:sk:snk:ar-a01nrc
|
| 035 |
|
|
|a (uuid)552a8f20-c823-4ac6-8ba9-17d055fb097b
|
| 035 |
|
|
|a urn:nbn:sk:snk-ab4fw6
|
| 040 |
|
|
|a SNKBUCL
|b slo
|c SNKBUCL
|e AACR2
|
| 041 |
0 |
|
|a cze
|
| 044 |
|
|
|a xo
|c SK
|
| 100 |
1 |
|
|a Krejčík, V.
|4 aut
|9 1129682
|
| 245 |
1 |
0 |
|a Hořec
|c V. Krejčík
|
| 773 |
0 |
|
|t Naše liečivé rastliny
|g Roč. 11, č. 1 (1974), s. 20-21
|
| 850 |
|
|
|a Slovenská národná knižnica
|
| 852 |
|
|
|a Slovenská národná knižnica
|
| 954 |
|
|
|a odborná, vedecká literatúra pôvodná (slovenská)
|2 lita
|
| 954 |
|
|
|a odborná, vedecká literatúra cudzojazyčná (svetová)
|2 lita
|
| 958 |
|
|
|a article3
|
| 958 |
|
|
|a OND
|
| 958 |
|
|
|a EUIPO
|
| 999 |
|
|
|c 3102121
|d 3104051
|